Cámara AQP: (Registro nro. 11945)

Detalles MARC
000 -Cabecera
Campo de control interno 00511nam a2200181Ia 4500
005 - Fecha y hora del registro
control field 20260306162905.0
008 - Elementos de Longitud Fija
fixed length control field 260306t2019||||xx |||||||||||||| ||spa||
041 ## - Idioma
Codigo Idioma ESP
082 ## - DEWEY y NOTACIÓN INTERNA
Dewey HR 330
Notación Interna MAR 2019 CA.2
110 ## - AUTOR INSTTITUCIONAL
Autor Institucional Cámara de Comercio e Industria de Arequipa
245 #0 - TÍTULO DE MATERIAL BIBLIOGRÁFICO
Título Cámara AQP:
Título paralelo revista institucional de la Cámara de Comercio e Industria de Arequipa
260 ## - CIUDAD, EDITORIAL, AÑO
Año 2019
300 ## - DESCRIPCIÓN
N° Páginas 49 páginas :
Dimensiones 29 cm.
650 ## - TEMAS
Temas Generalidades
654 ## - PROGRAMAS
Programa Dpto. de Administración de Negocios
942 ## - ELEMENTOS DE KOHA
Tipo de documento Revista
Nombre del creador Justo Noguera
Código de catalogador Justo Noguera
Esquema de clasificación Dewey Decimal Classification
Suppress in OPAC
Existencias
Codigo completo Registro Colección Copia número Disponibilidad Tipo de préstamo Biblioteca Actual Procedencia (Biblioteca) Ubicacón Fecha Ingreso Tipo de Adquisición Date last seen Total checkouts Price effective from Tipo de Item Estado del Material Fuente de Clasificación Damaged status Withdrawn status
HR 330 MAR 2019 CA.2 1071755 Universidad Católica San Pablo 1 Disponible Disponible Víctor Andrés Belaunde Víctor Andrés Belaunde Planta baja abierta 03/06/2026 Donación 06/03/2026   06/03/2026 Revista Bueno Dewey Decimal Classification